[Event "Olympiad"]
[Site "masterchessopen.com Yerevan (Armenia)"]
[Round "12"]
[White "Palac Mladen (CRO)"]
[Black "Garcia Ilundain David (ESP)"]
[Result "1-0"]
[WhiteElo "2540"]
[BlackElo "2520"]

1.e4 c5 2.Nf3 d6 3.d4 cxd4 4.Nxd4 Nf6 5.Nc3 Nc6 6.Bg5 e6 7.Qd2 h6 8.Bxf6 gxf6
9.O-O-O a6 10.f4 Bd7 11.Be2 h5 12.Rhf1 Qb6 13.Nb3 O-O-O 14.Rf3 Be7 15.Rh3 h4
16.Qe1 Rdg8 17.Bf3 Re8 18.Kb1 Kb8 19.Rxh4 Rxh4 20.Qxh4 f5 21.Qh6 fxe4 22.Nxe4
d5 23.Nf6 Rd8 24.Nxd7+ Rxd7 25.f5 a5 26.fxe6 Rd6 27.Rxd5 Rxe6 28.Qf4+ Ka7
29.a3 Bf6 30.Qa4 Re1+ 31.Ka2 Qg1 32.Rf5 Bxb2 33.Kxb2 Rb1+ {#r} 1-0

[Event "Olympiad (w)"]
[Site "masterchessopen.com Yerevan (Armenia)"]
[Round "13"]
[White "Hagarova Zuzana (SVK)"]
[Black "Licina Anita (SLO)"]
[Result "1-0"]
[WhiteElo "2295"]
[BlackElo "2155"]

1.e4 c5 2.Nf3 Nc6 3.d4 cxd4 4.Nxd4 Nf6 5.Nc3 d6 6.Bg5 e6 7.Qd2 Be7 8.O-O-O O-O
9.Nb3 a6 10.Bxf6 gxf6 11.h4 Kh8 12.g4 Rg8 13.g5 fxg5 14.hxg5 Rg7 15.f4 e5
16.Bh3 Be6 17.Bf5 Bxf5 18.exf5 Rxg5 19.Qh2 Rg7 20.Ne4 exf4 21.f6 Bxf6 22.Rxd6
Qe7 23.Nxf6 Qxd6 24.Qxh7+ {#r} 1-0

[Event "It (open)"]
[Site "masterchessopen.com Zalakaros (Hungary)"]
[Round "2"]
[White "Racz Zoltan (HUN)"]
[Black "Feher Gyula (HUN)"]
[Result "0-1"]
[WhiteElo "2279"]
[BlackElo "2375"]

1.e4 c5 2.Nf3 Nc6 3.d4 cxd4 4.Nxd4 Nf6 5.Nc3 d6 6.Bg5 e6 7.Qd2 Be7 8.O-O-O O-O
9.Nb3 Qb6 10.f3 Rd8 11.Kb1 a6 12.Be3 Qc7 13.Qf2 Nd7 14.g4 Nce5 15.Qg3 b5 16.f4
Nc4 17.Bxc4 Qxc4 18.g5 Qc7 19.f5 b4 20.Ne2 Ne5 21.Nbd4 exf5 22.Nxf5 Bb7 23.Rd4
a5 24.Nf4 Bf8 25.Nd5 Bxd5 26.exd5 Rac8 27.Rc1 g6 28.Nh6+ Bxh6 29.gxh6 Re8
30.Rf4 Nc4 31.Bd4 Re2 32.Rf2 Nd2+ 33.Ka1 Qxc2 {#R} 0-1

[Event "It (open)"]
[Site "masterchessopen.com Gioiosa Marea (Italy)"]
[Round "0"]
[White "De Marco Ivan"]
[Black "Napoli-Costa Aurelio (ITA)"]
[Result "0-1"]
[WhiteElo "1661"]
[BlackElo "2053"]

1.e4 c5 2.Nf3 d6 3.d4 cxd4 4.Nxd4 Nf6 5.Nc3 Nc6 6.Bg5 e6 7.Qd2 Be7 8.Be2 O-O
9.f3 Nxe4 10.Nxe4 Bxg5 11.Nxg5 Nxd4 12.Bd3 h6 13.Ne4 d5 14.Nf2 Bd7 15.c3 Nc6
16.h4 Ne5 17.Bc2 Qb6 18.O-O Rac8 19.Kh2 Qd8 20.Qd4 Nc6 21.Qg4 e5 22.Qh5 f5
{#R} 0-1

[Event "Ch Spain (team)"]
[Site "masterchessopen.com Ampuriabrava (Spain)"]
[Round "0"]
[White "Magem Badals Jordi (ESP)"]
[Black "Gil Capape Javier (AUS)"]
[Result "1-0"]
[WhiteElo "2550"]
[BlackElo "2440"]

1.e4 c5 2.Nf3 d6 3.d4 cxd4 4.Nxd4 Nf6 5.Nc3 Nc6 6.Bg5 e6 7.Qd2 Be7 8.O-O-O O-O
9.Nb3 a6 10.f4 b5 11.Bxf6 gxf6 12.Qe2 a5 13.Qh5 a4 14.Rd3 {#r} 1-0

[Event "Staatsliga B South 1997/98"]
[Site "masterchessopen.com Austria"]
[Round "6"]
[White "Demuth Markus (AUT)"]
[Black "Starc Christian (AUT)"]
[Result "1-0"]
[WhiteElo "2230"]
[BlackElo "2141"]

1.e4 c5 2.Nf3 d6 3.d4 cxd4 4.Nxd4 Nf6 5.Nc3 Nc6 6.Bg5 e6 7.Qd2 Be7 8.O-O-O O-O
9.Nb3 a5 10.a4 Qb6 11.f3 d5 12.Bxf6 Bxf6 13.exd5 Nb4 14.d6 Bd7 15.Bb5 Bxc3
16.bxc3 Na2+ 17.Kb2 Bxb5 18.axb5 a4 19.Nd4 e5 20.Kxa2 exd4 21.Qxd4 Qxb5
22.Rhe1 Rad8 23.Qd5 Qb6 24.Re7 Rb8 25.d7 Rbd8 26.Rde1 a3 27.Qb3 Qc6 28.Rxf7
Rxf7 29.Re7 {#r} 1-0

[Event "It (open) (a)"]
[Site "masterchessopen.com Bled (Slovenia)"]
[Round "1"]
[White "Sutovsky Emil (ISR)"]
[Black "Muellneritsch Anton (AUT)"]
[Result "1-0"]
[WhiteElo "2590"]
[BlackElo "2149"]

1.e4 c5 2.Nf3 d6 3.d4 cxd4 4.Nxd4 Nf6 5.Nc3 Nc6 6.Bg5 e6 7.Qd2 h6 8.Bxf6 gxf6
9.O-O-O a6 10.f4 Bd7 11.Be2 Qb6 12.Nb3 Na5 13.Kb1 Rc8 14.e5 fxe5 15.Ne4 Nxb3
16.axb3 Qd4 17.Nf6+ Ke7 18.Qe1 Qc5 19.Qh4 Qxc2+ 20.Ka2 Qxe2 21.Rhe1 Qxg2
22.fxe5 Qg5 23.Qb4 Rc5 24.Qxc5 Qxe5 25.Qxe5 dxe5 26.Nxd7 f6 {#r} 1-0

[Event "It (open)"]
[Site "masterchessopen.com Burjassot (Spain)"]
[Round "0"]
[White "Crespo Raimundo Francisco (ESP)"]
[Black "Carbonell Martinez M R (ESP)"]
[Result "1-0"]
[WhiteElo "2191"]
[BlackElo "2081"]

1.e4 c5 2.Nf3 Nc6 3.d4 cxd4 4.Nxd4 Nf6 5.Nc3 d6 6.Bg5 e6 7.Qd2 Be7 8.O-O-O O-O
9.f3 a6 10.g4 Nxd4 11.Qxd4 Qa5 12.Qd2 b5 13.Kb1 b4 14.Bxf6 Bxf6 15.Ne2 Rb8
16.Nd4 Qe5 17.h4 h6 18.g5 hxg5 19.hxg5 Qxd4 20.Qxd4 Bxd4 21.Rxd4 Rd8 22.e5 Bb7
23.exd6 f5 24.gxf6 gxf6 25.Rg4+ Kf8 26.Rh8+ Kf7 27.Rh7+ Kf8 28.Rxb4 Rxd6
29.Bd3 {#r} 1-0

[Event "It (open)"]
[Site "masterchessopen.com Dieren (Netherlands)"]
[Round "0"]
[White "Meijere Agnese (LAT)"]
[Black "Knoppert Erik G J (NED)"]
[Result "0-1"]
[WhiteElo "2180"]
[BlackElo "2385"]

1.e4 c5 2.Nf3 d6 3.d4 cxd4 4.Nxd4 Nf6 5.Nc3 Nc6 6.Bg5 e6 7.Qd2 Be7 8.Be2 O-O
9.O-O Nxd4 10.Qxd4 Nxe4 11.Nxe4 Bxg5 12.Qxd6 Be7 13.Qxd8 Rxd8 14.Rfd1 Bd7
15.a3 Bc6 16.Bd3 Rac8 17.b4 Ba4 18.Rd2 f5 19.Ng3 Bf6 20.Rad1 Kf7 21.Ne2 g6
22.f4 Rd7 23.Kf2 Bd8 24.Rb1 Bb6+ 25.Kf3 Bxc2 26.Rbd1 Rcd8 27.Nc1 Bxd1+ 28.Rxd1
Bd4 29.Rd2 Rc7 30.Ne2 Bc3 31.Rd1 Bb2 32.a4 Rcd7 33.Ke3 Ba3 {#R} 0-1

[Event "Bayern Regionalliga Southwest"]
[Site "masterchessopen.com Germany"]
[Round "8"]
[White "Meltser Valentin Dr (BLR)"]
[Black "Schuele Herbert"]
[Result "0-1"]
[WhiteElo "2116"]
[BlackElo "2005"]

1.e4 c5 2.Nf3 d6 3.d4 cxd4 4.Nxd4 Nf6 5.Nc3 Nc6 6.Bg5 e6 7.Qd2 Be7 8.O-O-O O-O
9.f3 a6 10.g4 Nxd4 11.Qxd4 Qa5 12.h4 b5 13.Kb1 Bb7 14.Be3 Rac8 15.h5 Ne8
16.Qd2 b4 17.Ne2 d5 18.Bg2 dxe4 19.fxe4 Nf6 20.e5 Bxg2 21.exf6 Bxf6 22.Rhg1
Be4 23.Rc1 Rfd8 24.Nd4 Bxd4 25.Bxd4 e5 26.Qg5 Rxd4 27.h6 Bg6 28.hxg7 Kxg7
29.Rh1 Qd5 30.Rcf1 Rf4 31.Rd1 Qe4 32.Rxh7+ Kxh7 33.Qh4+ Kg7 {#R} 0-1

[Event "Ch Russia (club) (1 liga)"]
[Site "masterchessopen.com Orel (Russia)"]
[Round "9"]
[White "Brodsky Michail (UKR)"]
[Black "Iskusnyh Sergei (RUS)"]
[Result "1-0"]
[WhiteElo "2545"]
[BlackElo "2455"]

1.e4 c5 2.Nf3 Nc6 3.d4 cxd4 4.Nxd4 Nf6 5.Nc3 d6 6.Bg5 e6 7.Qd2 Be7 8.O-O-O O-O
9.Nb3 Qb6 10.f3 Rd8 11.Kb1 d5 12.Bxf6 dxe4 13.Bxe7 Rxd2 14.Nxd2 exf3 15.Nc4
Qc7 16.Bd6 Qd8 17.gxf3 Bd7 18.Be2 Be8 19.Rhg1 Qh4 20.Rg4 Qh3 21.Bg3 Rd8 22.Rg1
f6 23.Nd6 e5 24.Nxe8 Rxe8 25.Bc4+ Kh8 26.Rxg7 Ne7 27.Rxe7 {#r} 1-0

[Event "It (open)"]
[Site "masterchessopen.com Passau (Germany)"]
[Round "0"]
[White "Barthel Ansgar (GER)"]
[Black "Korn Alfred (GER)"]
[Result "1-0"]
[WhiteElo "2215"]
[BlackElo "1768"]

1.e4 c5 2.Nf3 d6 3.d4 cxd4 4.Nxd4 Nf6 5.Nc3 Nc6 6.Bg5 e6 7.Qd2 h6 8.Bxf6 Qxf6
9.Ndb5 Qe7 10.O-O-O Kd7 11.Nxd6 Kc7 12.Qf4 e5 13.Nd5+ Kb8 14.Nxe7 exf4
15.Nexc8 {#r} 1-0

[Event "It (open)"]
[Site "masterchessopen.com Spree (Germany)"]
[Round "8"]
[White "Krasnici Hasan (GER)"]
[Black "Idaczek Guenter (GER)"]
[Result "1-0"]
[WhiteElo "2209"]
[BlackElo "1939"]

1.e4 c5 2.Nf3 Nc6 3.d4 cxd4 4.Nxd4 Nf6 5.Nc3 d6 6.Bg5 e6 7.Qd2 Be7 8.O-O-O
Nxd4 9.Qxd4 O-O 10.f3 Qa5 11.Bd2 Qc5 12.Qd3 Rd8 13.Kb1 Bd7 14.g4 Bc6 15.g5 Nd7
16.f4 Nb6 17.h4 Rac8 18.h5 Na4 19.Nxa4 Bxa4 20.Rc1 d5 21.e5 d4 22.f5 Qxe5
23.fxe6 Bxg5 24.Bxg5 Qxg5 25.Bh3 Rc7 26.exf7+ Kxf7 27.Qxh7 Rd6 28.Rhf1+ Rf6
29.Rxf6+ Kxf6 30.Rf1+ Ke7 31.Qe4+ Kd6 32.Qe6+ {#r} 1-0

[Event "It (open)"]
[Site "masterchessopen.com Swidnica (Poland)"]
[Round "5"]
[White "Anokhine Alexej (RUS)"]
[Black "Skalik Przemyslaw (POL)"]
[Result "0-1"]
[WhiteElo "2224"]
[BlackElo "2370"]

1.e4 c5 2.Nf3 d6 3.d4 cxd4 4.Nxd4 Nf6 5.Nc3 Nc6 6.Bg5 e6 7.Qd2 Be7 8.O-O-O
Nxd4 9.Qxd4 O-O 10.Bc4 Qa5 11.Bd2 Qc7 12.Bb3 Bd7 13.f3 b5 14.a4 bxa4 15.Bxa4
Rab8 16.Bb3 Rfc8 17.Qd3 a5 18.Rde1 Be8 19.f4 Nd7 20.Be3 Nc5 21.Bxc5 Qxc5
22.Kd1 Rb4 23.Qe3 a4 24.Qxc5 Rxc5 25.Ba2 Rxb2 26.Kc1 a3 27.Re3 Bf6 28.e5 dxe5
29.Bb3 exf4 30.Ne4 fxe3 31.Nd6 a2 {#R} 0-1

[Event "It (open)"]
[Site "masterchessopen.com Teheran (Iran)"]
[Round "9"]
[White "Haddad Mohammed (IRI)"]
[Black "Hannanisefat D (IRI)"]
[Result "1-0"]
[WhiteElo "2205"]
[BlackElo "2088"]

1.e4 c5 2.Nf3 Nc6 3.d4 cxd4 4.Nxd4 Nf6 5.Nc3 d6 6.Bg5 e6 7.Qd2 Be7 8.O-O-O O-O
9.Be2 Nxd4 10.Qxd4 Nxe4 11.Bxe7 Nxc3 12.bxc3 Qxe7 13.Qxd6 Qg5+ 14.Kb2 Qxg2
15.Qe7 Qxf2 16.Rhf1 Qb6+ 17.Ka1 g6 18.Rf6 Qc6 19.Kb2 Qe8 20.Qc7 e5 21.Bc4 Bf5
22.Bb3 a5 23.Rd5 Kg7 24.Rb6 a4 25.Rxe5 axb3 26.Rxe8 bxa2 27.Rxa8 {#r} 1-0

[Event "It (open)"]
[Site "masterchessopen.com Zadar (Croatia)"]
[Round "5"]
[White "Kutuzovic Branko (CRO)"]
[Black "Batarelo Zlatko (CRO)"]
[Result "1-0"]
[WhiteElo "2420"]
[BlackElo "2125"]

1.e4 c5 2.Nc3 Nc6 3.Nf3 d6 4.d4 cxd4 5.Nxd4 Nf6 6.Bg5 e6 7.Qd2 Be7 8.O-O-O O-O
9.Nb3 a6 10.Bxf6 gxf6 11.Qh6 Ne5 12.f4 Ng4 13.Qh3 f5 14.exf5 exf5 15.Qf3 Rb8
16.Bd3 Be6 17.h3 Nf6 18.Nd4 Qa5 19.g4 Nd5 {#r} 1-0

[Event "It (open) (b)"]
[Site "masterchessopen.com Bled (Slovenia)"]
[Round "2"]
[White "Krstic Uros (CRO)"]
[Black "Nikolic Stanko (SLO)"]
[Result "1-0"]
[WhiteElo "2380"]
[BlackElo "1972"]

1.e4 c5 2.Nf3 Nc6 3.d4 cxd4 4.Nxd4 Nf6 5.Nc3 d6 6.Bg5 e6 7.Qd2 Be7 8.O-O-O O-O
9.f3 Nxd4 10.Qxd4 Qa5 11.Qd2 Bd7 12.Kb1 Qc7 13.e5 d5 14.exf6 gxf6 15.Bh6 Rfc8
16.Qf4 Qxf4 17.Bxf4 a6 18.Bg3 b5 19.Bh4 b4 20.Ne4 Kg7 21.Ng3 Kh6 22.Bd3 Bb5
23.Rhe1 Bd8 24.Ne2 Ba4 25.g4 a5 26.Ng3 Bc6 27.Nh5 a4 28.Bxf6 Bxf6 29.Nxf6 {#r}
1-0

[Event "It (open)"]
[Site "masterchessopen.com Finkenstein (Austria)"]
[Round "0"]
[White "Benda Herbert (AUT)"]
[Black "Eichhorn Alfred (AUT)"]
[Result "1-0"]
[WhiteElo "2252"]
[BlackElo "2039"]

1.e4 c5 2.Nf3 d6 3.d4 cxd4 4.Nxd4 Nf6 5.Nc3 Nc6 6.Bg5 e6 7.Qd2 Be7 8.f3 h6
9.Be3 Bd7 10.O-O-O a6 11.g4 Qa5 12.Kb1 Rd8 13.Nb3 Qc7 14.Qf2 Rc8 15.Bb6 Qb8
16.f4 Nxg4 17.Qg3 h5 18.Bh3 Bf6 19.Bxg4 hxg4 20.Qxg4 Rh4 21.Qg3 Rh6 22.e5 Bh4
{#r} 1-0

[Event "It (open)"]
[Site "masterchessopen.com Groningen (Netherlands)"]
[Round "6"]
[White "Middelburg Tom (NED)"]
[Black "Sherbakov Ruslan (RUS)"]
[Result "0-1"]
[WhiteElo "2230"]
[BlackElo "2555"]

1.e4 c5 2.Nf3 Nc6 3.d4 cxd4 4.Nxd4 Nf6 5.Nc3 d6 6.Bg5 e6 7.Qd2 Qb6 8.Nb3 Be7
9.O-O-O O-O 10.f3 Rd8 11.g4 d5 12.exd5 Nxd5 13.Bxe7 Ndxe7 14.Bd3 e5 15.Na4 Qc7
16.h4 e4 17.fxe4 Bxg4 18.Rdg1 Ne5 19.Qc3 Qd6 20.Kb1 Rac8 21.Qa5 Nxd3 22.cxd3
Bf3 {#R} 0-1

[Event "Ch Southern California"]
[Site "masterchessopen.com Irvine (USA)"]
[Round "4"]
[White "Hermansen Ron (USA)"]
[Black "Van Buskirk Charles (USA)"]
[Result "1-0"]
[WhiteElo "2202"]
[BlackElo "2260"]

1.e4 c5 2.Nf3 d6 3.d4 cxd4 4.Nxd4 Nf6 5.Nc3 Nc6 6.Bg5 e6 7.Qd2 Be7 8.O-O-O O-O
9.Nb3 Qb6 10.f3 Rd8 11.Kb1 Qc7 12.Bxf6 Bxf6 13.g4 a6 14.h4 b5 15.g5 Be7 16.Qh2
b4 17.Na4 Ra7 18.f4 Bd7 19.h5 Re8 20.g6 h6 21.gxf7+ Kxf7 22.e5 Nd8 23.Qg1 Bxa4
24.Qg6+ Kg8 25.Bd3 Nf7 26.Rhg1 Bg5 27.Qh7+ Kf8 28.fxg5 hxg5 29.Rgf1 Qd8
30.Qh8+ Ke7 31.Qxg7 Rf8 32.Bg6 Be8 33.exd6+ {#r} 1-0

[Event "It (open)"]
[Site "masterchessopen.com Krynica (Poland)"]
[Round "0"]
[White "Matlega Bartlomiej (POL)"]
[Black "Dabrowski Wojciech (POL)"]
[Result "1-0"]
[WhiteElo "2059"]
[BlackElo "2242"]

1.e4 c5 2.Nf3 Nc6 3.d4 cxd4 4.Nxd4 Nf6 5.Nc3 d6 6.Bg5 e6 7.Qd2 Be7 8.O-O-O O-O
9.Nb3 d5 10.Bxf6 Bxf6 11.exd5 Bxc3 12.Qxc3 exd5 13.Qf3 d4 14.Bd3 a5 15.Kb1 Qb6
16.Qe4 g6 17.h4 a4 18.Nd2 a3 19.Nc4 Qb4 20.h5 Bf5 21.Qh4 b5 22.hxg6 Bxg6
23.Bxg6 Kg7 24.Bf5 Qe7 25.Qh6+ {#r} 1-0

[Event "It (open) \"]
[Site "masterchessopen.com Leipzig (Germany)"]
[Round "4"]
[White "Klovans Janis (LAT)"]
[Black "Eickhoff Hermann (GER)"]
[Result "1-0"]
[WhiteElo "2465"]
[BlackElo "2010"]

1.e4 c5 2.Nf3 d6 3.d4 cxd4 4.Nxd4 Nf6 5.Nc3 Nc6 6.Bg5 e6 7.Qd2 Be7 8.O-O-O Bd7
9.Ndb5 O-O 10.Nxd6 Rb8 11.f4 e5 12.Nc4 Bg4 13.Qxd8 Bxd8 14.Re1 b5 15.Nxe5 Nxe5
16.fxe5 b4 17.Nb5 Nxe4 18.Bxd8 Rfxd8 19.Bc4 Nd2 20.Bd3 b3 21.Kxd2 Rxb5 22.axb3
Bf5 23.Re3 Bxd3 24.Rxd3 Rxd3+ 25.Kxd3 Rxe5 26.Ra1 Re7 27.b4 g5 28.Ra5 h6 29.c4
Kg7 30.b5 f5 31.c5 f4 32.c6 {#r} 1-0

[Event "Ch World (juniors) (under 18)"]
[Site "masterchessopen.com Marina d'Or (Spain)"]
[Round "10"]
[White "Toth Adrienn (HUN)"]
[Black "Fernandez Rangel Alejandro (MEX)"]
[Result "0-1"]
[WhiteElo "2065"]
[BlackElo "2213"]

1.e4 c5 2.Nf3 d6 3.d4 cxd4 4.Nxd4 Nf6 5.Nc3 Nc6 6.Bg5 e6 7.Qd2 Be7 8.O-O-O O-O
9.Nb3 Qb6 10.f3 Rd8 11.Nb5 Rd7 12.Be3 Qd8 13.N5d4 Qc7 14.g4 d5 15.Nxc6 bxc6
16.e5 d4 17.Nxd4 Nd5 18.Bf2 c5 19.Nb5 Qxe5 20.Bg3 Qf6 21.Bg2 Ba6 22.Qa5 Bxb5
23.Qxb5 Rad8 24.h3 a6 25.Qc6 Bd6 26.Bf2 Bf4+ 27.Kb1 Nc3+ 28.bxc3 Rb8+ {#R} 0-1

[Event "It (open) \"]
[Site "masterchessopen.com Paris (France)"]
[Round "0"]
[White "Mohtaji Javad (FRA)"]
[Black "Inkiov Ventzislav (BUL)"]
[Result "0-1"]
[WhiteElo "1911"]
[BlackElo "2495"]

1.e4 c5 2.Nf3 d6 3.d4 cxd4 4.Nxd4 Nf6 5.Nc3 Nc6 6.Bg5 e6 7.Qd2 Be7 8.O-O-O
Nxd4 9.Qxd4 O-O 10.e5 dxe5 11.Qxe5 Bd7 12.Be2 Qe8 13.Rd3 Bc6 14.Rg3 Qb8 15.Qd4
Qd8 16.Qh4 Nd5 17.Bd3 Bxg5+ 18.Rxg5 f5 19.Re1 Qf6 20.Nxd5 Bxd5 21.Qf4 Bxa2
22.Re3 h6 23.Rh5 Rad8 24.Rg3 Kh7 25.Rgh3 Rd4 26.Qc7 Rf7 27.Qa5 Bd5 28.f3 Bc4
29.g4 b6 30.g5 bxa5 31.gxf6 Bxd3 32.cxd3 Rxd3 33.Kc2 {#R} 0-1

[Event "It (open)"]
[Site "masterchessopen.com Pula (Croatia)"]
[Round "1"]
[White "Van Den Doel Erik (NED)"]
[Black "Podvrsnik Marko (SLO)"]
[Result "1-0"]
[WhiteElo "2480"]
[BlackElo "2215"]

1.e4 c5 2.Nf3 d6 3.d4 cxd4 4.Nxd4 Nf6 5.Nc3 Nc6 6.Bg5 e6 7.Qd2 Be7 8.O-O-O O-O
9.Nb3 a6 10.Bxf6 gxf6 11.Qh6 Kh8 12.Qh5 Qe8 13.f4 Rg8 14.Bd3 Rxg2 15.Nd5 Qg8
16.Nxe7 Nxe7 17.Bf1 Rg4 18.Rxd6 Rxf4 19.Qd1 Qg5 20.Kb1 Rxe4 21.Rd8+ Kg7 22.Bd3
Rg4 23.h4 Qh5 24.Be2 f5 25.Qd6 Ng6 26.Qc7 Rxh4 27.Bxh5 Rxh1+ 28.Bd1 f4 29.Nc1
e5 30.Bf3 Rf1 31.Bd5 {#r} 1-0

[Event "Ch Israel"]
[Site "masterchessopen.com Ramat Aviv (Israel)"]
[Round "1"]
[White "Liss Eran (ISR)"]
[Black "Mashian Yaacov (ISR)"]
[Result "1-0"]
[WhiteElo "2505"]
[BlackElo "2275"]

1.e4 c5 2.Nf3 d6 3.d4 cxd4 4.Nxd4 Nf6 5.Nc3 Nc6 6.Bg5 e6 7.Qd2 Be7 8.O-O-O O-O
9.Nb3 Qb6 10.f3 Rd8 11.Kb1 a6 12.Be3 Qc7 13.Qf2 Nd7 14.g4 b5 15.g5 Nce5 16.h4
Nc4 17.Bxc4 bxc4 18.Nd4 Rb8 19.Ka1 Nf8 20.f4 d5 21.exd5 exd5 22.f5 Qb7 23.Rb1
Bc5 24.f6 g6 25.h5 Bg4 26.hxg6 hxg6 27.Nf5 {#r} 1-0

[Event "Ch World (universities)"]
[Site "masterchessopen.com Rotterdam (Netherlands)"]
[Round "8"]
[White "Van Blitterswijk Stefan (NED)"]
[Black "Maas Thomas (BEL)"]
[Result "1-0"]
[WhiteElo "2320"]
[BlackElo "2102"]

1.e4 c5 2.Nf3 Nc6 3.d4 cxd4 4.Nxd4 Nf6 5.Nc3 d6 6.Bg5 e6 7.Qd2 Be7 8.O-O-O O-O
9.Nb3 Qb6 10.f3 a6 11.h4 Rd8 12.h5 h6 13.Be3 Qc7 14.Qf2 Nd7 15.g4 Na5 16.Rg1
Nxb3+ 17.axb3 Qa5 18.Kb1 Nc5 19.g5 hxg5 20.b4 Qxb4 21.Bxg5 Bxg5 22.Rxg5 f6
{#r} 1-0

[Event "Cup Yugoslavia (team)"]
[Site "masterchessopen.com Ulcinj (Yugoslavia)"]
[Round "5"]
[White "Perunovic Milos (SRB)"]
[Black "Todorovic Jovan (SRB)"]
[Result "0-1"]
[WhiteElo "2260"]
[BlackElo "2415"]

1.e4 c5 2.Nf3 d6 3.d4 cxd4 4.Nxd4 Nf6 5.Nc3 Nc6 6.Bg5 e6 7.Qd2 Qb6 8.Nb3 Be7
9.O-O-O O-O 10.Be3 Qc7 11.f3 Rd8 12.Qf2 d5 13.exd5 Nxd5 14.Nxd5 Rxd5 15.Rxd5
exd5 16.Kb1 Bf6 17.Bb5 Qe5 18.c3 Bf5+ 19.Ka1 d4 20.Nxd4 Nxd4 {#R} 0-1

[Event "Blitz"]
[Site "masterchessopen.com Internet"]
[Date "1998.07.01"]
[Round "0"]
[White "Gurevich Ilya (USA)"]
[Black "Kasparov Garry (RUS)"]
[Result "0-1"]
[WhiteElo "2580"]
[BlackElo "2815"]

1.e4 c5 2.Nf3 d6 3.d4 cxd4 4.Nxd4 Nf6 5.Nc3 Nc6 6.Bg5 e6 7.Qd2 Be7 8.O-O-O
Nxd4 9.Qxd4 a6 10.Kb1 O-O 11.e5 dxe5 12.Qxe5 Bd7 13.Bd3 Qb8 14.Bxf6 Bxf6
15.Qxb8 Raxb8 16.Bxh7+ Kxh7 17.Rxd7 Bxc3 18.bxc3 Kg6 19.Rhd1 f5 20.Re7 Kf6
21.Rdd7 g5 22.Rxb7 Rxb7+ 23.Rxb7 g4 24.c4 Rc8 25.Ra7 Rxc4 26.Rxa6 Rf4 27.a4
Rxf2 28.Rb6 Rxg2 29.a5 Rxh2 30.a6 Rh8 31.Kc1 g3 {#R} 0-1

[Event "It (open)"]
[Site "masterchessopen.com Bad Zwesten (Germany)"]
[Round "5"]
[White "Luther Thomas (GER)"]
[Black "Mossakowski Florian (GER)"]
[Result "1-0"]
[WhiteElo "2507"]
[BlackElo "2297"]

1.e4 c5 2.Nf3 Nc6 3.d4 cxd4 4.Nxd4 Nf6 5.Nc3 d6 6.Bg5 e6 7.Qd2 Be7 8.O-O-O O-O
9.h4 Nxd4 10.Qxd4 Qa5 11.Kb1 Rd8 12.Qd2 Bd7 13.Bd3 Qc7 14.h5 Bc6 15.Rh3 b5
16.h6 g6 17.Qf4 Ne8 18.Bxe7 Qxe7 19.Bxb5 Bxb5 20.Nxb5 a6 21.Nc3 Rab8 22.Ne2
Rb4 23.Rb3 Rdb8 24.Qd2 a5 25.f3 R8b6 26.Nc1 Qb7 27.Rxb4 Rxb4 28.Nd3 Rb5 29.c4
Rh5 30.g4 Rh3 31.Qg2 {#r} 1-0

[Event "It (open)"]
[Site "masterchessopen.com Barbera (Spain)"]
[Round "4"]
[White "Castaner Halster Xavier (ESP)"]
[Black "Gomez Jurado Luis Alberto (ESP)"]
[Result "1-0"]
[WhiteElo "2241"]
[BlackElo "2344"]

1.e4 c5 2.Nf3 Nc6 3.d4 cxd4 4.Nxd4 Nf6 5.Nc3 d6 6.Bg5 e6 7.Qd2 h6 8.Bxf6 gxf6
9.O-O-O a6 10.f4 Bd7 11.f5 h5 12.Kb1 Ne5 13.Nce2 Nc4 14.Qd3 b5 15.fxe6 fxe6
16.Nf4 e5 17.Nde6 Qa5 18.Qd5 Nb6 19.Nc7+ Kd8 20.Qb7 Rc8 21.Nfe6+ Ke7 22.Nxf8
Rhxf8 23.Qxb6 {#r} 1-0

[Event "It (open)"]
[Site "masterchessopen.com Biel (Switzerland)"]
[Round "2"]
[White "Prasad Devaki V (IND)"]
[Black "Greenfeld Alon (ISR)"]
[Result "0-1"]
[WhiteElo "2432"]
[BlackElo "2538"]

1.e4 c5 2.Nf3 Nc6 3.d4 cxd4 4.Nxd4 Nf6 5.Nc3 d6 6.Bg5 e6 7.Qd2 Qb6 8.Nb3 Be7
9.Be2 O-O 10.Be3 Qc7 11.f4 Rd8 12.O-O-O a6 13.g4 b5 14.Bf3 Nd7 15.g5 Nb6
16.Qf2 Nc4 17.h4 b4 18.Nb1 a5 19.N1d2 Nxe3 20.Qxe3 a4 21.Nd4 Nxd4 22.Qxd4 e5
23.Qc4 Qa7 24.f5 b3 25.Kb1 Ba6 26.Qd5 bxc2+ 27.Kxc2 Rac8+ {#R} 0-1

[Event "Ch Spain (team) (2-4 Div)"]
[Site "masterchessopen.com Cala Galdana (Spain)"]
[Round "5"]
[White "Draghici Gavril (ESP)"]
[Black "Bayon Fernandez Rogelio (ESP)"]
[Result "1-0"]
[WhiteElo "2223"]
[BlackElo "2226"]

1.e4 c5 2.Nf3 Nc6 3.d4 cxd4 4.Nxd4 Nf6 5.Nc3 d6 6.Bg5 e6 7.Qd2 Be7 8.O-O-O O-O
9.Nb3 a6 10.f4 b5 11.Bxf6 gxf6 12.Kb1 Kh8 13.Bd3 Rg8 14.Rhg1 b4 15.Ne2 a5
16.Nbd4 Nxd4 17.Nxd4 Ba6 18.Nc6 Qc7 19.Nxe7 Qxe7 20.g4 Bxd3 21.Qxd3 Rac8 22.h4
Rc6 23.g5 Rgc8 24.Rg2 a4 25.Rdg1 a3 26.Qd4 e5 27.Qxb4 axb2 28.gxf6 Qa7 29.f5
Rb8 30.Qb3 h5 31.Rg8+ Rxg8 {#r} 1-0

[Event "Ch European Union SCIPT"]
[Site "masterchessopen.com Denmark"]
[Round "1"]
[White "Van Der Vorm Teun (NED)"]
[Black "Hamark Jesper (SWE)"]
[Result "1-0"]
[WhiteElo "2372"]
[BlackElo "2240"]

1.e4 c5 2.Nf3 Nc6 3.d4 cxd4 4.Nxd4 Nf6 5.Nc3 d6 6.Bg5 e6 7.Qd2 h6 8.Bxf6 gxf6
9.O-O-O a6 10.f4 Bd7 11.Bc4 Qb6 12.Nce2 h5 13.Kb1 O-O-O 14.f5 Re8 15.fxe6 fxe6
16.Rhf1 Ne5 17.Bb3 Bh6 18.Nf4 Kb8 19.Nde2 Bf8 20.h3 Ka8 21.Nd4 Bh6 22.Qe2 Bxf4
23.Rxf4 Qd8 24.Qf2 Rh6 25.Rf1 Qb6 26.Qd2 Qd8 27.a3 Qc7 28.R4f2 Rg6 29.Qd1 Rh8
30.Ne2 Bc8 31.Qd2 Rhg8 32.Nf4 {#r} 1-0

[Event "Ch France (team) (juniors) 1999/00"]
[Site "masterchessopen.com France"]
[Round "4"]
[White "Guennoun Anthony (FRA)"]
[Black "Bellaiche Anthony (FRA)"]
[Result "0-1"]
[WhiteElo "2083"]
[BlackElo "2099"]

1.e4 c5 2.Nf3 Nc6 3.d4 cxd4 4.Nxd4 Nf6 5.Nc3 d6 6.Bg5 e6 7.Qd2 h6 8.Bxf6 gxf6
9.O-O-O a6 10.Bc4 h5 11.Kb1 Qb6 12.Nxc6 bxc6 13.Qd4 Qxd4 14.Rxd4 c5 15.Rd3 Bb7
16.Re1 Ke7 17.f4 Bh6 18.f5 Bf4 19.g3 Be5 20.Nd1 h4 21.Nf2 Rag8 22.Ree3 hxg3
23.hxg3 Bd4 24.Rxd4 cxd4 25.Ra3 Rh2 26.Nd3 Rxg3 27.Bxa6 Rg1+ 28.Nc1 Rhh1 {#R}
0-1

[Event "Oberliga East B 1998/99"]
[Site "masterchessopen.com Germany"]
[Round "0"]
[White "Paehtz Thomas (GER)"]
[Black "Legde Georg (GER)"]
[Result "1-0"]
[WhiteElo "2426"]
[BlackElo "2257"]

1.e4 c5 2.Nf3 Nc6 3.d4 cxd4 4.Nxd4 Nf6 5.Nc3 d6 6.Bg5 e6 7.Qd2 Be7 8.O-O-O O-O
9.f3 d5 10.exd5 Nxd5 11.Bxe7 Ncxe7 12.Bc4 Nxc3 13.Qxc3 Qc7 14.Nb5 Qc5 15.Qd4
Qc6 16.Nd6 a6 17.Rhe1 Qc7 18.Kb1 b5 19.Bb3 Rb8 20.h4 Nd5 21.Qe5 Rb6 22.Nxc8
Rxc8 23.Rxd5 {#r} 1-0